000 00614nam a22002057a 4500
999 _c6493
_d6493
003 OSt
005 20200128115812.0
008 200128b ||||| |||| 00| 0 eng d
020 _a9780470404690
040 _cDDC
082 _a658.3 CHA 2010
100 _a Chan, Janis Fisher
_913351
245 _aDesigning and Developing Training Prgrams: pfeiffer essntial guides to training basics
260 _aSan Francisco;
_bPfeiffer,
_c2010
300 _axiv,290p;
_bIll:
_c24cm
501 _aReferences, & index included
650 _aHuman Resource
_95954
650 _aStaff development
_913352
942 _2z
_cO_SHELF